书目信息 |
| 题名: |
衍射极限附近的光刻工艺
|
|
| 作者: | 伍强 编著 | |
| 分册: | ||
| 出版信息: | 北京 清华大学出版社 2020.10 |
|
| 页数: | 665页 | |
| 开本: | 26cm | |
| 丛书名: | 高端集成电路制造工艺丛书 | |
| 单 册: | ||
| 中图分类: | TN305.7 | |
| 科图分类: | ||
| 主题词: | 光刻设备--研究 | |
| 电子资源: | ||
| ISBN: | 978-7-302-53742-7 | |
| 000 | 01289nam2 2200301 45 | |
| 001 | 012001002993 | |
| 005 | 20141010152943.0 | |
| 010 | @a978-7-302-53742-7@dCNY168.00 | |
| 100 | @a20200522d2020 em y0chiy50 ea | |
| 101 | 0 | @achi |
| 102 | @aCN@b110000 | |
| 105 | @aa z 001yy | |
| 106 | @ar | |
| 200 | 1 | @a衍射极限附近的光刻工艺@Ayan she ji xian fu jin de guang ke gong yi@b专著@dPhotolithography process near the diffraction limit@f伍强等编著@zeng |
| 210 | @a北京@c清华大学出版社@d2020.10 | |
| 215 | @a665页@c图,照片@d26cm | |
| 225 | 2 | @a高端集成电路制造工艺丛书 |
| 300 | @a2019年国家出版基金资助项目 “十三五”国家重点图书出版规划项目 国家出版基金项目 彩色内页版 | |
| 300 | @a并列题名:Photolithography process near the diffraction limit | |
| 330 | @a本书以光刻工艺为主线,有机地将光刻设备、光刻材料、光刻成像的理论计算、光刻工艺中各种建模思想和推导、芯片制造的技术发展要求以及对光刻工艺各项参数的要求紧密地联系在一起,给读者一个整体的图景。 | |
| 410 | 0 | @12001 @a高端集成电路制造工艺丛书 |
| 461 | 0 | @12001 @a高端集成电路制造工艺丛书 |
| 510 | 1 | @aPhotolithography process near the diffraction limit@zeng |
| 606 | 0 | @a光刻设备@x研究 |
| 690 | @aTN305.7@v5 | |
| 701 | 0 | @a伍强@Awu qiang@4编著 |
| 801 | 2 | @aCN@bBJSDL@c20211018 |
| 905 | @b1351098-100@dTN305.7@e86@f3 | |
| 衍射极限附近的光刻工艺=Photolithography process near the diffraction limit/伍强等编著.-北京:清华大学出版社,2020.10 |
| 665页:图,照片;26cm.-(高端集成电路制造工艺丛书) |
| 2019年国家出版基金资助项目 “十三五”国家重点图书出版规划项目 国家出版基金项目 彩色内页版.-并列题名:Photolithography process near the diffraction limit |
| ISBN 978-7-302-53742-7:CNY168.00 |
| 本书以光刻工艺为主线,有机地将光刻设备、光刻材料、光刻成像的理论计算、光刻工艺中各种建模思想和推导、芯片制造的技术发展要求以及对光刻工艺各项参数的要求紧密地联系在一起,给读者一个整体的图景。 |
| ● |
| 相关链接 |
|
|
|
|
正题名:衍射极限附近的光刻工艺
索取号:TN305.7/86
 
预约/预借
| 序号 | 登录号 | 条形码 | 馆藏地/架位号 | 状态 | 备注 |
| 1 | 1351098 | 213510985 | 第二样本阅览室/ [索取号:TN305.7/86] | 在馆 | |
| 2 | 1351099 | 213510994 | 第三借阅区/ [索取号:TN305.7/86] | 在馆 | |
| 3 | 1351100 | 213511001 | 第三借阅区/ [索取号:TN305.7/86] | 在馆 |